Maiores artilheiros do campeonato brasileiro - Statistics

Estatísticas Gerais
  • Esse quiz foi jogado 88 vezes
  • A pontuação média é 9 de 16
Estatísticas das Respostas
# GOLS JOGADOR % Correto
147 fred
92%
154 Romário
89%
190 Roberto Dinamite
84%
135 zico
81%
153 Edmundo
80%
15º 99 pelé
73%
126 Washington
59%
11º 109 Diego Souza
51%
129 túlio
51%
116 Luis fabiano
49%
15º 99 borges
39%
12º 108 Paulo Baier
36%
14º 102 Kleber Pereira
28%
10º 113 Dadá Maravilha
27%
127 Serginho Chulapa
27%
13º 105 Alecsandro
21%
Nenhum quiz correspondente encontrado
Distribuição das Pontuações
Porcentagem de Pessoas com Cada Pontuação
Percentil de Números Respondidos
Sua Pontuação Histórica
Você não jogou esse quiz